• 首页
  • 本馆介绍
  • 公告通知
  • 最新文献
  • 馆藏检索
  • 电子资源
  • 读者导购
  • 参考咨询
  • 我的图书馆
  • 登录
  • 详细信息显示
  • 放入我的书架
  • 预约/预借图书
  • 作者相关作品
  • 分类相关作品
  • 丛书相关作品
  • 出版社相关作品

书目信息

  • 表格格式
  • 工作单格式
  • 卡片格式
题名:
贾雷尔诗选
    
 
作者: 贾雷尔 著 ;连晗生 译
分册:  
出版信息: 上海   上海教育出版社  2020.07
页数: 300页
开本: 19cm
丛书名: 白鲸诗丛
单 册:
中图分类: I712.5
科图分类:
主题词: 文学
电子资源:
ISBN: 7-5444-9483-7
000 00714nam0 2200241 450
001 2132771557
005 20210330091022.67
010    @a7-5444-9483-7@dCNY59.80
100    @a20210330d2020 km y0chiy0120 ea
101 0  @achi
102    @aCN@b310000
102    @aCN@b310000
200 1  @a贾雷尔诗选@AJia Lei Er Shi Xuan@f(美)贾雷尔著@F(Mei)Jia Lei Er Zhu@g连晗生译@GLian Han Sheng Yi
210    @a上海@c上海教育出版社@d2020.07
215    @a300页@d19cm
225 2  @a白鲸诗丛
410  0 @12001 @a白鲸诗丛
606 0  @a文学
690    @aI712.5@v4
701  0 @a贾雷尔@AJia Lei Er@4著
702  0 @a连晗生@ALian Han Sheng@4译
801  0 @aCN@b大连网信软件有限公司图书馆·11@c20210330
905    @aZUCC@dI712.5@e1388
    
    贾雷尔诗选/(美)贾雷尔著/连晗生译.-上海:上海教育出版社,2020.07
    300页;19cm.-(白鲸诗丛)
    
    
    ISBN 7-5444-9483-7:CNY59.80
    
●
相关链接 在E读中查询图书 在五车中查询图书 在当当中查询图书 在豆瓣中查询图书


正题名:贾雷尔诗选     索取号:I712.5/1388         预约/预借

序号 登录号 条形码 馆藏地/架位号 状态 备注
1 1055342   210553426   第一样本阅览室/ [索取号:I712.5/1388] 在馆    
2 1055343   210553435   第二借阅区/ [索取号:I712.5/1388] 在馆    
欢迎您!
大连网信软件有限公司© 版权所有